Structural anthropology (Record no. 9952)
[ view plain ]
| 000 -CABECERA | |
|---|---|
| campo de control de longitud fija | 00747nam a2200241 a 4500 |
| 001 - NÚMERO DE CONTROL | |
| campo de control | BRL_1140 |
| 005 - FECHA Y HORA DE LA ÚLTIMA TRANSACCIÓN | |
| campo de control | 20190320211043.0 |
| 008 - DATOS DE LONGITUD FIJA--INFORMACIÓN GENERAL | |
| campo de control de longitud fija | 151113s1979----nyuao#####---#000-0#eng-# |
| 020 ## - NÚMERO INTERNACIONAL ESTÁNDAR DEL LIBRO | |
| Número Internacional Estándar del Libro | 0140551107 |
| 041 ## - CÓDIGO DE LENGUA | |
| Código de lengua del texto/banda sonora o título independiente | eng |
| Código de lengua original | fre |
| 044 ## - CÓDIGO DEL PAÍS DE LA ENTIDAD EDITORA/PRODUCTORA | |
| Código MARC del país | nyu |
| 050 #4 - SIGNATURA TOPOGRÁFICA DE LA BIBLIOTECA DEL CONGRESO | |
| Número de clasificación | GN362 |
| Número de documento/Ítem | .L48 1979 |
| 100 1# - ENTRADA PRINCIPAL--NOMBRE DE PERSONA | |
| Nombre de persona | Lévi-Strauss, Claude |
| 9 (RLIN) | 25905 |
| 245 10 - MENCIÓN DE TÍTULO | |
| Título | Structural anthropology |
| Mención de responsabilidad, etc. | Claude Lévi-Strauss ; translated from rhe french by Claire Jacobson and Brooke Grundfest Schoepf. |
| 260 ## - PUBLICACIÓN, DISTRIBUCIÓN, ETC. | |
| Lugar de publicación, distribución, etc. | New York |
| Nombre del editor, distribuidor, etc. | Penguin Books |
| Fecha de publicación, distribución, etc. | 1979 |
| 300 ## - DESCRIPCIÓN FÍSICA | |
| Extensión | xvi, 410 p. |
| Otras características físicas | il. |
| Dimensiones | 21 cm. |
| 500 ## - NOTA GENERAL | |
| Nota general | Au1318 |
| 650 14 - PUNTO DE ACCESO ADICIONAL DE MATERIA--TÉRMINO DE MATERIA | |
| Término de materia o nombre geográfico como elemento de entrada | Antropología estructural |
| 9 (RLIN) | 25906 |
| 700 1# - PUNTO DE ACCESO ADICIONAL--NOMBRE DE PERSONA | |
| Nombre de persona | Jacobson, Claire |
| Término indicativo de función/relación | tr. |
| 9 (RLIN) | 25907 |
| 700 1# - PUNTO DE ACCESO ADICIONAL--NOMBRE DE PERSONA | |
| Nombre de persona | Grundfest Schoepf, Brooke |
| Término indicativo de función/relación | tr. |
| 9 (RLIN) | 25908 |
| 902 ## - CATALOGADOR | |
| Iniciales | GRL |
| 942 ## - ELEMENTOS DE PUNTO DE ACCESO ADICIONAL (KOHA) | |
| Fuente del sistema de clasificación o colocación | Library of Congress Classification |
| Tipo de ítem Koha | Libros |
| Estado de retiro | Estado de pérdida | Estado dañado | No para préstamo | Localización permanente | Ubicación/localización actual | Fecha de adquisición | Número de inventario | Total de préstamos | Signatura topográfica completa | Código de barras | Fecha visto por última vez | Precio válido a partir de | Tipo de ítem Koha |
|---|---|---|---|---|---|---|---|---|---|---|---|---|---|
| El ejemplar forma parte de la colección y puede ser consultado según las políticas vigentes. | Biblioteca Centro de Estudios Ruth D. Lechuga | Biblioteca Centro de Estudios Ruth D. Lechuga | 15/11/2013 | Au1318 | GN362 .L48 1979 (Au1318) | GRL01255 | 22/03/2019 | 22/03/2019 | Libros |